Normal view
MARC view
- COMMERCIAL STATISTICS STATISTICS
Entry Topical Term
001 - CONTROL NUMBER
- control field: 75110
003 - CONTROL NUMBER IDENTIFIER
- control field: NUST
005 - DATE AND TIME OF LATEST TRANSACTION
- control field: 20210628205346.0
008 - FIXED-LENGTH DATA ELEMENTS
- fixed length control field: 210628|| aca||aabn | a|a d
040 ## - CATALOGING SOURCE
- Original cataloging agency: NUST
- Transcribing agency: NUST
150 ## - HEADING--TOPICAL TERM
- Topical term or geographic name entry element: COMMERCIAL STATISTICS STATISTICS
670 ## - SOURCE DATA FOUND
- Source citation: Work cat.: (NUST): Bowerman, Bruce L Connell, Richard T. O 75109, Applied statistics imroving business processes, 1997
